| 000 | 01056nmm a2200313 a 4500 | ||
|---|---|---|---|
| 001 | ocm0002347359 | ||
| 003 | TR-IsHL | ||
| 005 | 20201028184700.0 | ||
| 008 | 190514s2019 tu eng | ||
| 007 | cr cn | ||
| 020 | _a9786057876850 | ||
| 035 |
_a2347359 _b(N$T) |
||
| 050 | 0 | 4 |
_aB485 _b.A75 2019 |
| 090 | 0 | 4 |
_aB485 _b.A75 2019 |
| 100 | 1 | _aAristotele | |
| 245 | 1 | 0 |
_aThe complete Aristotle: Volume I _h[electronic resource] / _cAristotele ; çeviren E. M. Edghill, W. D. Ross |
| 260 |
_aİstanbul : _be-Kitap Projesi & Cheapest Books, _c2019 |
||
| 300 | _a1131 p. | ||
| 650 | 4 | _aFelsefe, Psikoloji ve Din | |
| 650 | 4 | _aPhilosophy, Psychology and Religion | |
| 650 | 0 | _aFelsefe | |
| 650 | 0 | _aPhilosophie | |
| 650 | 0 |
_aFelsefe _x Toplu yapıtlar |
|
| 650 | 0 |
_aPhilosophy _x Collected works |
|
| 650 | 7 |
_aPHILOSOPHY / History & Surveys / Ancient & Classical _2bisacsh |
|
| 700 | 1 | _aEdghill, E. M. | |
| 700 | 1 | _aRoss, W. D. | |
| 856 | 4 | 0 | _uhttp://search.ebscohost.com/login.aspx?direct=true&scope=site&db=e011xww&AN=2347359 |
| 999 |
_c21115 _d21115 |
||